| 000 | 01317nam a2200325Ia 4500 | ||
|---|---|---|---|
| 001 | ebr10661243 | ||
| 003 | CaPaEBR | ||
| 006 | m u | ||
| 007 | cr cn||||||||| | ||
| 008 | 121213s2012 dcua sb 000 0 eng d | ||
| 020 | _z9781475523928 | ||
| 020 | _z9781475565829 | ||
| 040 |
_aCaPaEBR _cCaPaEBR |
||
| 035 | _a(OCoLC)821064563 | ||
| 050 | 1 | 4 |
_aHB3730.5 _b.B38 2012eb |
| 100 | 1 |
_aBaum, Anja, _d1985- |
|
| 245 | 1 | 0 |
_aFiscal multipliers and the state of the economy _h[electronic resource] / _cprepared by Anja Baum, Marcos Poplawski-Ribeiro, and Anke Weber. |
| 260 |
_aWashington, D.C. : _bInternational Monetary Fund, _cc2012. |
||
| 300 |
_a30 p. : _bill. |
||
| 490 | 0 |
_aIMF working paper ; _vWP/12/286 |
|
| 504 | _aIncludes bibliographical references. | ||
| 533 |
_aElectronic reproduction. _bPalo Alto, Calif. : _cebrary, _d2013. _nAvailable via World Wide Web. _nAccess may be limited to ebrary affiliated libraries. |
||
| 650 | 0 | _aMultiplier (Economics) | |
| 650 | 0 |
_aFiscal policy _zDeveloped countries. |
|
| 655 | 7 |
_aElectronic books. _2local |
|
| 700 | 1 |
_aRibeiro, Marcos Poplawski, _d1977- |
|
| 700 | 1 |
_aWeber, Anke, _d1981- |
|
| 710 | 2 | _aebrary, Inc. | |
| 856 | 4 | 0 |
_uhttp://site.ebrary.com/lib/rucke/Doc?id=10661243 _zAn electronic book accessible through the World Wide Web; click to view |
| 999 |
_c65461 _d65461 |
||